[Event "SVK-chT1W 0910"]
[Site "Slovakia"]
[Date "2010.02.14"]
[Round "9.3"]
[White "Maslikova, Veronika"]
[Black "Slapak, Zdenek"]
[Result "1-0"]
[WhiteElo "2187"]
[BlackElo "2181"]
[PlyCount "101"]
[EventDate "2009.10.17"]
[EventType "team"]
[EventRounds "11"]
[EventCountry "SVK"]
[SourceTitle "EXT 2011"]
[Source "ChessBase"]
[SourceDate "2010.11.26"]
[SourceVersion "1"]
[SourceVersionDate "2010.11.26"]
[SourceQuality "1"]
[WhiteTeam "Budmerice"]
[BlackTeam "Bratislava Slovan II"]
[WhiteTeamCountry "SVK"]
[BlackTeamCountry "SVK"]

1. e4 e5 2. Nf3 Nc6 3. Bb5 a6 4. Ba4 Nf6 5. 0-0 Be7 6. Re1 b5 7. Bb3 0-0 8. h3 d6 9. c3 Na5 10. Bc2 c5 11. d4 Qc7 12. Nbd2 Bd7 13. Nf1 cxd4 14. cxd4 Rac8 15. Ne3 Rfe8 16. d5 Bf8 17. Bd2 g6 18. Rc1 Bg7 19. g4 Qb6 20. b3 Nb7 21. Nf1 Nc5 22. Ng3 Rf8 23. Be3 Qd8 24. Qd2 Kh8 25. Bg5 Qe8 26. Bb1 Ng8 27. Kg2 f6 28. Be3 Nb7 29. b4 Qf7 30. a3 h6 31. Rxc8 Rxc8 32. Rc1 Qf8 33. Nh2 Rxc1 34. Qxc1 Qc8 35. Qd2 Kh7 36. f4 exf4 37. Bxf4 Ne7 38. Nf3 Qc4 39. Ba2 Qc8 40. Qd3 Kh8 41. Nd4 h5 42. Ne6 h4 43. Ne2 g5 44. Bh2 a5 45. bxa5 Nxa5 46. Bxd6 Ng6 47. e5 Nxe5 48. Bxe5 Bxe6 49. dxe6 fxe5 50. e7 Qb7+ 51. Qd5 1-0

[Event "SVK-chT1W 0910"]
[Site "Slovakia"]
[Date "2010.02.13"]
[Round "8.3"]
[White "Slapak, Zdenek"]
[Black "Banas, Kamil"]
[Result "0-1"]
[WhiteElo "2181"]
[BlackElo "2225"]
[PlyCount "92"]
[EventDate "2009.10.17"]
[EventType "team"]
[EventRounds "11"]
[EventCountry "SVK"]
[SourceTitle "EXT 2011"]
[Source "ChessBase"]
[SourceDate "2010.11.26"]
[SourceVersion "1"]
[SourceVersionDate "2010.11.26"]
[SourceQuality "1"]
[WhiteTeam "Bratislava Slovan II"]
[BlackTeam "Modra"]
[WhiteTeamCountry "SVK"]
[BlackTeamCountry "SVK"]

1. c4 c5 2. Nc3 Nc6 3. g3 g6 4. Bg2 Bg7 5. e3 d6 6. Nge2 Be6 7. b3 Qc8 8. Nf4 Bg4 9. f3 Bd7 10. Bb2 Nh6 11. a3 0-0 12. Qc2 a6 13. 0-0 Rb8 14. Ncd5 b5 15. Bxg7 Kxg7 16. d3 e6 17. Nc3 Nf5 18. Rfe1 Qc7 19. cxb5 axb5 20. Bh3 e5 21. Nfd5 Qa7 22. Bxf5 Bxf5 23. Ne4 Be6 24. Nef6 Ne7 25. Nxe7 Qxe7 26. Ne4 f5 27. Nd2 Qf7 28. a4 bxa4 29. bxa4 Rb4 30. Ra3 Rfb8 31. a5 Rb2 32. Qc3 Qb7 33. Rc1 Qb4 34. Nc4 Bxc4 35. dxc4 Rb1 36. a6 Ra8 37. Rxb1 Qxb1+ 38. Kg2 Rb8 39. Ra5 Rb2+ 40. Qxb2 Qxb2+ 41. Kh3 Qc1 42. a7 Qf1+ 43. Kh4 h6 44. f4 g5+ 45. fxg5 hxg5+ 46. Kxg5 Qh3 0-1

[Event "SVK-chT1W 0809"]
[Site "Slovakia"]
[Date "2008.12.14"]
[Round "6.2"]
[White "Slapak, Zdenek"]
[Black "Bednar, Jan"]
[Result "1-0"]
[WhiteElo "2173"]
[BlackElo "2140"]
[PlyCount "43"]
[EventDate "2008.10.18"]
[EventType "team-tourn"]
[EventRounds "11"]
[EventCountry "SVK"]
[SourceTitle "EXT 2010"]
[Source "ChessBase"]
[SourceDate "2010.11.25"]
[SourceVersion "1"]
[SourceVersionDate "2010.11.25"]
[SourceQuality "1"]
[WhiteTeam "Bratislava Slovan II"]
[BlackTeam "Budmerice"]
[WhiteTeamCountry "SVK"]
[BlackTeamCountry "SVK"]

1. e4 c5 2. Nf3 d6 3. Bb5+ Bd7 4. Bxd7+ Qxd7 5. 0-0 Nc6 6. c3 Nf6 7. Re1 g6 8. d4 Bg7 9. d5 Na5 10. Nbd2 0-0 11. b4 Nxd5 12. exd5 Bxc3 13. Rb1 cxb4 14. a3 bxa3 15. Bxa3 b5 16. Re3 Bg7 17. Qe2 Nc4 18. Nxc4 bxc4 19. Qxc4 Rac8 20. Qe4 Rc7 21. h3 Re8 22. Bb2 1-0